| 000 | 00000nam 2200000za 4500 |
| 001 | 9.641770 |
| 003 | CaOODSP |
| 005 | 20250611103607 |
| 007 | cr ||||||||||| |
| 008 | 150407|2001||||xxc|||||o f|0| 0 fre d |
| 040 | |aCaOODSP|bfre |
| 043 | |an-cn--- |
| 086 | 1 |aA22-234/2001F-PDF |
| 110 | 1 |aCanada. |bAgriculture et agroalimentaire Canada. |
| 245 | 10|aFavoriser des solutions locales à des problèmes locaux : |h[ressource électronique] |bguide des programmes et services à l'intention des Manitobaines et des Manitobains des collectivités rurales |
| 260 | |aOttawa - Ontario : |bAgriculture et Agroalimentaire Canada |cc2001. |
| 500 | |aPublication historique numérisée par Agriculture et Agroalimentaire Canada. |
| 590 | |a13-17-Supp|b2013-07-25 |
| 691 | 07|aDéveloppement rural|2gcpds |
| 691 | 07|aProvinces de l'Ouest|2gcpds |
| 691 | 07|aServices gouvernementaux|2gcpds |
| 775 | 08|tSupporting local solutions to local challenges : |w(CaOODSP)9.697940 |
| 856 | 40|ahttp://publications.gc.ca|qPDF|s860 Ko|uhttps://publications.gc.ca/collections/collection_2013/aac-aafc/agrhist/A22-234-2001-fra.pdf |
| 986 | |a2090 |